000 00501nam a2200169Ia 4500
005 20250508152121.0
008 008 250505s9999 xx 000 0 eng d
037 _aTextual
040 _aFEDL
_beng
_cFEDL
041 _aeng
_2eng
084 _a371.5, GOV
_qFEDL
245 0 _aReport of the principals seminar on discipline
260 _aAllahabad, India
_bGovernment Central Pedagogical Institute
_c1957
300 _a37p.
942 _cTEXL
_h371.5, GOV
999 _c1334369
_d1334369